Svět drog v Čechách

Salvato in:
Dettagli Bibliografici
Autore principale: Nožina, Miroslav
Natura: Libro
Lingua:ceco
Pubblicazione: Praha KLP 1997
Soggetti:
Tags: Aggiungi Tag
Nessun Tag, puoi essere il primo ad aggiungerne!!

MARC

LEADER 00000nam a2200000 4500
001 c103505
005 20221124074020.1
020 |a 80-85917-36-X 
041 0 |a cze 
044 |a CZ 
245 1 0 |a Svět drog v Čechách  |c Miroslav Nožina 
264 1 |a Praha  |b KLP  |c 1997 
300 |a 347 s. 
610 2 0 |a drogy 
610 2 0 |a história 
610 2 0 |a cesty 
610 2 0 |a kriminalita 
610 2 0 |a problémy spoločenské 
610 2 0 |a ponuka 
610 2 0 |a dopyt 
610 2 0 |a dohody medzinárodné 
610 2 0 |a legislatíva 
610 2 0 |a látky chemické 
610 2 0 |a svet 
610 2 0 |a Česko 
100 1 |a Nožina, Miroslav